[Event "XXII Weekend A"]
[Site "Robecchetto con Induno ITA"]
[Date "2011.12.30"]
[Round "6"]
[White "Di Chiara, Mauro"]
[Black "Sibille, Ettore"]
[WhiteElo "1980"]
[BlackElo "2042"]
[Result "1/2-1/2"]
[PlyCount "89"]
[EventDate "2011.12.27"]

1. d4 f5 2. Nf3 Nf6 3. c4 g6 4. Nc3 Bg7 5. g3 O-O 6. Bg2 d6 7. d5 Qe8 8. O-O a5
9. Nd4 Na6 10. e4 fxe4 11. Nxe4 Nxe4 12. Bxe4 Bh3 13. Bg2 Bxg2 14. Kxg2 Nc5 15.
Qg4 Qf7 16. Be3 Rae8 17. Rad1 e5 18. Nb3 Na6 19. f4 Qf5 20. Qxf5 Rxf5 21. g4
Rf7 22. fxe5 Rxe5 23. Rxf7 Kxf7 24. Kf3 Re7 25. Nd4 Ke8 26. Ne6 b6 27. Nxg7+
Rxg7 28. Re1 Rf7+ 29. Kg3 Kd7 30. a3 Nc5 31. Bxc5 dxc5 32. b3 Rf6 33. Re4 c6
34. dxc6+ Rxc6 35. Kh4 Rf6 36. Re3 Rf2 37. h3 h6 38. Kg3 Rf6 39. h4 Rd6 40. g5
hxg5 41. hxg5 Re6 42. Rf3 Ke7 43. Kf4 Re1 44. Rh3 Rf1+ 45. Rf3 1/2-1/2

[Event "XXII Weekend A"]
[Site "Robecchetto con Induno ITA"]
[Date "2011.12.30"]
[Round "6"]
[White "Gonella, Daniele"]
[Black "Curtacci, Sergio"]
[WhiteElo "2103"]
[BlackElo "2026"]
[Result "1/2-1/2"]
[PlyCount "156"]
[EventDate "2011.12.27"]

1. e4 d6 2. d4 g6 3. f4 Bg7 4. Nf3 e6 5. Bd3 Ne7 6. O-O b6 7. Qe2 O-O 8. c3 Bb7
9. Ng5 h6 10. Nh3 f5 11. exf5 exf5 12. Re1 Rf7 13. b3 Nbc6 14. Bb2 Qd7 15. Nd2
Kh7 16. Nf3 Bf6 17. Rad1 Rg8 18. Ne5 Bxe5 19. dxe5 Qe6 20. exd6 Qxe2 21. Bxe2
cxd6 22. Rxd6 Nc8 23. Re6 Rd8 24. Bf3 Rd2 25. Bc1 Rd6 26. Ba3 Rxe6 27. Rxe6 Nd8
28. Re3 Bxf3 29. Rxf3 Rd7 30. g3 Kg8 31. Nf2 Ne6 32. Rd3 Rc7 33. Kg2 Kf7 34.
Kf3 Ne7 35. c4 Nc6 36. Rd2 b5 37. cxb5 Ncd4+ 38. Kg2 Nxb5 39. Bb2 Ke7 40. Nd1
Rc6 41. Ne3 Nbc7 42. Ba3+ Ke8 43. Nc4 Nb5 44. Bb2 Nc5 45. Rd5 Nc7 46. Rd6 Rxd6
47. Nxd6+ Kd7 48. Nf7 Nd3 49. Ne5+ Nxe5 50. Bxe5 Ne6 51. h3 Kc6 52. Kf3 h5 53.
g4 fxg4+ 54. hxg4 hxg4+ 55. Kxg4 Kd5 56. Bc3 Ke4 57. Bd2 Kd3 58. Bb4 Kc2 59.
Ba5 Kb2 60. Kf3 Kxa2 61. b4 Kb3 62. Ke4 Kc4 63. Ke5 Nd4 64. Kd6 Ne2 65. Ke5 Nd4
66. Kf6 Ne2 67. Kg5 Kd5 68. Bc7 Kc4 69. Bd6 Kd5 70. Bc7 Kc4 71. Ba5 Kd5 72. Kg4
Ke4 73. Bc7 Nd4 74. Bd6 Ne6 75. Bb8 a6 76. Bd6 Kd5 77. Be7 Ke4 78. Bg5 Nd4
1/2-1/2

[Event "XXII Weekend A"]
[Site "Robecchetto con Induno ITA"]
[Date "2011.12.30"]
[Round "6"]
[White "Guzzetti, Luigi Enrico"]
[Black "Lucchese, Paolo"]
[WhiteElo "1928"]
[BlackElo "1924"]
[Result "1/2-1/2"]
[PlyCount "106"]
[EventDate "2011.12.27"]

1. e4 e5 2. Nf3 Nc6 3. Bb5 a6 4. Ba4 Nge7 5. O-O Ng6 6. c3 Be7 7. d4 b5 8. Bb3
d6 9. Nbd2 O-O 10. Re1 Kh8 11. a4 Bd7 12. Nf1 Na5 13. Bc2 c5 14. Ne3 cxd4 15.
cxd4 Nc6 16. Nd5 Bg4 17. dxe5 Ngxe5 18. axb5 axb5 19. Rxa8 Qxa8 20. Nxe7 Bxf3
21. gxf3 Nxe7 22. f4 Nc4 23. Qd3 Ng6 24. b3 Na3 25. Bd1 Rd8 26. Qg3 f6 27. Bf3
Qa5 28. Rd1 b4 29. Rd5 Qc7 30. Rd1 Nb1 31. h4 Nc3 32. Re1 Re8 33. Bd2 Qf7 34.
h5 Nf8 35. f5 d5 36. exd5 Rxe1+ 37. Bxe1 Nxd5 38. Bxd5 Qxd5 39. Qb8 Kg8 40.
Bxb4 Qd1+ 41. Kg2 Qg4+ 42. Kf1 Qd1+ 43. Be1 Qd3+ 44. Kg1 Qxf5 45. b4 Qxh5 46.
Qc8 Qg5+ 47. Kf1 Qb5+ 48. Kg2 Qg5+ 49. Kf3 Qd5+ 50. Ke3 Qe5+ 51. Kd2 Qd4+ 52.
Kc2 Qe4+ 53. Kd1 Qd4+ 1/2-1/2

[Event "XXII Weekend A"]
[Site "Robecchetto con Induno ITA"]
[Date "2011.12.30"]
[Round "6"]
[White "Moroni, Luca jr"]
[Black "Ranfagni, Stefano"]
[WhiteElo "2030"]
[BlackElo "1998"]
[Result "1/2-1/2"]
[PlyCount "80"]
[EventDate "2011.12.27"]

1. e4 e5 2. Nf3 Nc6 3. d4 exd4 4. Bc4 d6 5. Nxd4 Nf6 6. Nxc6 bxc6 7. O-O Be7 8.
Nc3 O-O 9. Bf4 Be6 10. Bb3 Rb8 11. e5 Nd5 12. Nxd5 cxd5 13. Rb1 dxe5 14. Bxe5
Bd6 15. Bxd6 Qxd6 16. Qf3 c6 17. Rfd1 Qb4 18. Qe3 Qb6 19. Qe5 Rfe8 20. Re1 Rbd8
21. c3 f6 22. Qf4 Bf7 23. Rbd1 Qb8 24. Qd4 Qc7 25. Qd2 Bh5 26. Rxe8+ Rxe8 27.
Re1 Rxe1+ 28. Qxe1 Qe5 29. Qe3 Qxe3 30. fxe3 Kf8 31. Bc2 h6 32. Kf2 Ke7 33. b4
Kd6 34. e4 c5 35. Ke3 Bf7 36. Bb3 cxb4 37. cxb4 Ke5 38. Bxd5 Bxd5 39. exd5 Kxd5
40. Kd3 f5 1/2-1/2

[Event "XXII Weekend A"]
[Site "Robecchetto con Induno ITA"]
[Date "2011.12.30"]
[Round "6"]
[White "Rambaldi, Francesco"]
[Black "Faraoni, Enrico"]
[WhiteElo "2211"]
[BlackElo "2109"]
[Result "1-0"]
[PlyCount "89"]
[EventDate "2011.12.27"]

1. e4 c5 2. Nf3 Nc6 3. Bb5 g6 4. Bxc6 dxc6 5. d3 Bg7 6. h3 Nf6 7. O-O O-O 8.
Nc3 Nd7 9. Be3 e5 10. Qd2 Re8 11. Nh2 Qe7 12. Bh6 Nf8 13. Bxg7 Kxg7 14. f4 exf4
15. Qxf4 Ne6 16. Qf2 Nd4 17. Nf3 Nxf3+ 18. Qxf3 Be6 19. Rae1 Rad8 20. Qf2 Rf8
21. e5 Bd5 22. Qf6+ Qxf6 23. exf6+ Kh6 24. Re7 g5 25. Rxb7 Rb8 26. Rxb8 Rxb8
27. b3 Kg6 28. Re1 g4 29. hxg4 Rb4 30. Re5 Kxf6 31. Rxd5 cxd5 32. Nxd5+ Kg5 33.
Nxb4 cxb4 34. Kf2 Kxg4 35. Ke3 h5 36. Ke2 h4 37. Kf2 Kf4 38. Kf1 Ke3 39. Kg1 f5
40. Kh2 Kf4 41. Kh3 Kg5 42. d4 Kh5 43. d5 Kg5 44. d6 Kf6 45. Kxh4 1-0

[Event "XXII Weekend A"]
[Site "Robecchetto con Induno ITA"]
[Date "2011.12.30"]
[Round "6"]
[White "Raselli, Claudio"]
[Black "Siclari, Giovanni"]
[WhiteElo "1895"]
[BlackElo "1934"]
[Result "0-1"]
[PlyCount "110"]
[EventDate "2011.12.27"]

1. e4 c5 2. Nf3 e6 3. c3 Nf6 4. e5 Nd5 5. d4 cxd4 6. cxd4 d6 7. Nc3 Nxc3 8.
bxc3 Qc7 9. Bd2 Nd7 10. exd6 Bxd6 11. Bd3 O-O 12. O-O b6 13. Re1 Bb7 14. h3 h6
15. Qe2 Rfe8 16. Ne5 Bxe5 17. dxe5 Rad8 18. Bc2 Nxe5 19. Bxh6 gxh6 20. Qxe5
Qxe5 21. Rxe5 Rd2 22. Bb3 Red8 23. Ree1 Rc8 24. Rad1 Rxd1 25. Rxd1 Rxc3 26. Rd7
Bd5 27. Bxd5 exd5 28. Rxd5 Rc1+ 29. Kh2 Rc2 30. a4 Rxf2 31. a5 Rf6 32. a6 b5
33. Rxb5 Rxa6 34. Rb8+ Kg7 35. Ra8 Kf6 36. Rb8 Ke7 37. Ra8 Kd7 38. Rf8 Rf6 39.
Ra8 Kc7 40. Kg3 Kb7 41. Re8 a5 42. Kh4 a4 43. Re3 Kc6 44. Kh5 Kd5 45. g4 Kd4
46. Ra3 Ra6 47. h4 Kc4 48. Rf3 a3 49. Rxf7 a2 50. Rf1 a1=Q 51. Rxa1 Rxa1 52.
Kxh6 Kd5 53. g5 Ke6 54. g6 Kf6 55. h5 Ra5 0-1

[Event "XXII Weekend A"]
[Site "Robecchetto con Induno ITA"]
[Date "2011.12.30"]
[Round "6"]
[White "Razzano, Lorenzo"]
[Black "Baroni, Alessandro"]
[WhiteElo "1964"]
[BlackElo "1932"]
[Result "0-1"]
[PlyCount "58"]
[EventDate "2011.12.27"]

1. e4 e6 2. Nf3 d5 3. Nc3 dxe4 4. Nxe4 Nd7 5. d4 Ngf6 6. Bd3 Nxe4 7. Bxe4 Nf6
8. Bd3 c5 9. O-O cxd4 10. Nxd4 Bc5 11. Nb3 Be7 12. Bf4 O-O 13. Re1 Nd5 14. Bd2
Bf6 15. c3 Qc7 16. Qe2 Nf4 17. Bxf4 Qxf4 18. Rad1 Rd8 19. Nc5 g6 20. Be4 Rb8
21. Rxd8+ Bxd8 22. Qb5 Bb6 23. Nd3 Qc7 24. h4 Bd7 25. Qg5 Qd8 26. Qh6 Bb5 27.
Ne5 Bc5 28. Nxf7 Qf6 29. Qg5 Bxf2+ 0-1